00334pab a2200133 454500008004000000100001700040245004600057260000900103300001300112362001200125650002600137650001100163773002600174180718b2014 xxu||||| |||| 00| 0 eng d aThakur, O.C. aPerformance appraisal of a police station c2014 ap.62-70. aOct-Dec aPerformance appraisal aPolice aIndian Police Journal